| 000 | 00921nas a2200313 4500 | ||
|---|---|---|---|
| 001 | BR0601890 | ||
| 003 | BR-BrBNA | ||
| 005 | 20231205105957.0 | ||
| 007 | ta | ||
| 008 | 230509b bl.|||p| |||| 00| 00por d | ||
| 040 |
_aBR-BrBNA _bpor _cBiblioteca Nacional de Agricultura |
||
| 041 | _a(Pt) | ||
| 072 | _aL52; L02; Q54 | ||
| 100 | 1 | _aBarbosa, J.M. | |
| 100 | 1 | _aSilveira, A.M. | |
| 100 | 1 | _aGomide, C.A. | |
| 245 | 1 | _aCrescimento heterogêneo de girinos de rã-touro alimentados com diferentes rações | |
| 650 | _aRÃ TOURO | ||
| 650 | _aGIRINO | ||
| 650 | _aCRESCIMENTO | ||
| 650 | _aNUTRIÇÃO ANIMAL | ||
| 650 | _aRAÇÃO | ||
| 650 | _aPESAGEM | ||
| 650 | _aPROTEÍNA BRUTA | ||
| 650 | _aGANHO DE PESO | ||
| 773 | 0 |
_tPesquisa Agropecuária Brasileira (Brazil) _xISSN 0100-204X _g(Oct 2005), v. 40(10) p. 1015-1019 _wBR0601890 |
|
| 909 |
_a202311 _bLúcia _c55 _dLúcia Elande |
||
| 942 |
_2AGRIS _n0 _cANA |
||
| 999 |
_c185652 _d185652 |
||